000 01137nam a2200181Ia 4500
001 IA_The results allowed to propose strategies that contribute to the improvement and optimization of the process, considering the enterprise current situation. The technical and engineering diagnosis enable to determine a low energy efficiency, probably due to inappropriate maintenance requirements for the boiler and other equipment. Control points and instruments were not enough or appropriate, consequently, a new control equipment was recommended.
002 PROPUESTA DE MEJORA DE UNA UNIDAD DE PRODUCCION AG
008 220117s xx 000 0 und d
010 _a184776
530 _aDisponible en PDF
583 _a1 ej imp. ; 1 ej. CD
650 _aAgave salmiana
_xIndustria comercio
_xMéxico
_9157771
650 0 _aAgave salmiana
_xIndustry and trade
_zMexico
_9157772
650 _aAgave salmiana
_xNéctar
_9157773
856 _aArreortua Chávez, Elisa, coaut. \ Hernández Ramos, Lyzbeth, dir. \ Ybarra Moncada, Ma. Carmen, asesor \ Pérez López, Artemio, asesor
942 _cTESIS B74 2019
999 _c184776
_d184776